Indicadores sociales básicos de la subregión Norte de América Latina y el Caribe, 1950-1994
La Comisión Económica para América Latina y el Caribe (CEPAL), sede en México, se encargó de publicar con el mayor rigor posible los indicadores sociales básicos que corresponden a una serie de países donde destacan Costa Rica, Cuba, El Salvador, Haití, México, Guatemala, Honduras, Nicaragua, Panamá...
Salvato in:
| Ente Autore: | |
|---|---|
| Natura: | testo |
| Pubblicazione: |
México:
CEPAL
|
| Soggetti: | |
| Tags: |
Aggiungi Tag
Nessun Tag, puoi essere il primo ad aggiungerne!!
|
MARC
| LEADER | 00000 a a2200000 04500 | ||
|---|---|---|---|
| 001 | 5978 | ||
| 003 | |||
| 040 | |||
| 020 | |a [sin ISBN] | ||
| 022 | |a [sin ISBN] | ||
| 090 | |a 110100 | ||
| 110 | |a CEPAL | ||
| 245 | |a Indicadores sociales básicos de la subregión Norte de América Latina y el Caribe, 1950-1994 | ||
| 260 | |a México: |b CEPAL | ||
| 300 | |a v, 60 p |b **no definido** |b fonodiscos | ||
| 520 | |a La Comisión Económica para América Latina y el Caribe (CEPAL), sede en México, se encargó de publicar con el mayor rigor posible los indicadores sociales básicos que corresponden a una serie de países donde destacan Costa Rica, Cuba, El Salvador, Haití, México, Guatemala, Honduras, Nicaragua, Panamá y República Dominicana. Los datos presentados han sido recogidos con gran rigor lo cual se demuestra en las definiciones de las variables y en los conceptos que se contemplan a lo largo del trabajo, así como en las fuentes utilizadas. Los cuadros recogen partes de las largas series de información social aparecidas en los Anuarios Estadísticos de América Latina y el Caribe, así como los principales datos referentes a las características de la población ofrecidos por el Centro Latinoamericano de Demografía (CELADE). Asimismo se han enriquecido con las estadísticas de diferentes organismos de las Naciones Unidas. OB/LOB | ||
| 650 | |a CRECIMIENTO DEMOGRAFICO | ||
| 650 | |a POBLACION URBANA | ||
| 650 | |a POBLACION RURAL | ||
| 650 | |a ESPERANZA DE VIDA | ||
| 650 | |a FECUNDIDAD | ||
| 650 | |a MORTALIDAD | ||
| 650 | |a POBLACION ACTIVA | ||
| 650 | |a PRODUCTO INTERNO BRUTO | ||
| 650 | |a POBREZA | ||
| 650 | |a GASTOS SOCIALES | ||
| 650 | |a EDUCACION | ||
| 650 | |a ANALFABETISMO | ||
| 650 | |a SALUD | ||
| 650 | |a VIVIENDA | ||
| 650 | |a INDICADORES SOCIALES | ||
| 999 | |c 12353 |d 12353 | ||
